000 00536nam a22002057i 4500
001 3967
003 OSt
005 20170126082325.0
007 tu
008 161220s1997 xxu||||| |||| 00| 0 d
024 7 _a3966
_2RID
040 _cOSt
084 _a9.6
_2z
245 0 0 _aDevelopments and Regulatory Changes on Hungary's Capital Markets
260 _aBudapest,
_c1997.
300 _a22 S. ;
_c30cm.
490 _aRRT Hungary Document
_v41
651 _aHungary
110 2 _aInstitute for World Economics, Hungarian Academy of Sciences
_eEd.
942 _cB
999 _c3899
_d3899